[Event "Spice Cup 2009"]
[Site "Lubbock United States"]
[Date "2009.09.21"]
[Round "3"]
[White "Kuzubov, Yuriy"]
[Black "Hammer, Jon Ludvig"]
[Result "1-0"]
[WhiteElo "2636"]
[BlackElo "2585"]
[PlyCount "145"]
[EventDate "2009.09.19"]
[Source "MonRoi"]

1. d4 Nf6 2. c4 g6 3. g3 Bg7 4. Bg2 d5 5. cxd5 Nxd5 6. Nf3 Nb6 7. Nc3 Nc6 8. e3
O-O 9. O-O e5 10. d5 Na5 11. e4 c6 12. Bg5 f6 13. Be3 cxd5 14. exd5 f5 15. Bc5
Rf7 16. d6 e4 17. Nd4 Nac4 18. Qe2 Bd7 19. Rad1 Rc8 20. b4 Qe8 21. f3 Qe5 22.
Ndb5 exf3 23. Qxe5 Bxe5 24. Rxf3 Bc6 25. Nxa7 Bxf3 26. Bxf3 Rd8 27. Nab5 Rfd7
28. Be2 Kg7 29. a4 Nb2 30. Bxb6 Nxd1 31. Nxd1 Rxd6 32. Nxd6 Rxd6 33. Be3 Bd4
34. a5 Kf6 35. Kf1 g5 36. Bf3 Rd7 37. Ke2 Bxe3 38. Nxe3 Ke5 39. b5 f4 40. gxf4+
gxf4 41. Nc2 Kd6 42. a6 bxa6 43. bxa6 Kc5 44. Ne1 Kb6 45. Bb7 Re7+ 46. Kf2 Re3
47. Nf3 Ra3 48. Kg2 Rc3 49. Kh3 h5 50. Kh4 Rc5 51. h3 Ra5 52. Ng5 Ka7 53. Kxh5
f3 54. Bxf3 Rxa6 55. Bg4 Kb7 56. Ne6 Kc6 57. Kg6 Kd6 58. Kf6 Ra4 59. Bf5 Rh4
60. Nf8 Rh6+ 61. Ng6 Kc7 62. Bg4 Rh7 63. h4 Kd8 64. h5 Ke8 65. Kg5 Ra7 66. h6
Ra5+ 67. Kf6 Ra7 68. Be6 Rh7 69. Kg5 Ra7 70. Bg8 Ra5+ 71. Kh4 Ra4+ 72. Kh3 Ra3+
73. Kh2 1-0

[Event "Spice Cup 2009"]
[Site "Lubbock United States"]
[Date "2009.09.22"]
[Round "4"]
[White "Kuzubov, Yuriy"]
[Black "Andreikin, Dmitry"]
[Result "1/2-1/2"]
[WhiteElo "2636"]
[BlackElo "2659"]
[PlyCount "36"]
[EventDate "2009.09.19"]
[Source "MonRoi"]

1. e4 e5 2. Nf3 Nf6 3. Nxe5 d6 4. Nf3 Nxe4 5. Nc3 Nxc3 6. dxc3 Be7 7. Bf4 Nc6
8. Bb5 O-O 9. Qd3 Qd7 10. O-O-O Qf5 11. Qxf5 Bxf5 12. Rhe1 Bf6 13. Nd4 Nxd4 14.
cxd4 a6 15. Ba4 g5 16. Bg3 h5 17. f3 h4 18. Bf2 d5 1/2-1/2

[Event "Spice Cup 2009"]
[Site "Lubbock United States"]
[Date "2009.09.25"]
[Round "6"]
[White "Mamedov, Rauf"]
[Black "Akobian, Varuzhan"]
[Result "1/2-1/2"]
[WhiteElo "2626"]
[BlackElo "2636"]
[PlyCount "33"]
[EventDate "2009.09.19"]
[Source "MonRoi"]

1. e4 e6 2. d4 d5 3. exd5 exd5 4. c4 Nf6 5. Nc3 Bb4 6. Bd3 O-O 7. Nge2 Nc6 8.
O-O Bg4 9. c5 Bxc3 10. bxc3 Bxe2 11. Qxe2 Re8 12. Qc2 b6 13. Qa4 Qd7 14. Ba3
Ne4 15. Qc2 Na5 16. Rae1 Nf6 17. Bc1 1/2-1/2

[Event "Spice Cup 2009"]
[Site "Lubbock United States"]
[Date "2009.09.25"]
[Round "6"]
[White "Hammer, Jon Ludvig"]
[Black "Andreikin, Dmitry"]
[Result "1/2-1/2"]
[WhiteElo "2585"]
[BlackElo "2659"]
[PlyCount "28"]
[EventDate "2009.09.19"]
[Source "MonRoi"]

1. e4 c5 2. Nf3 e6 3. d4 cxd4 4. Nxd4 a6 5. Nc3 Qc7 6. Bd3 Nc6 7. Be3 Nf6 8.
O-O b5 9. Nxc6 Qxc6 10. f3 Bc5 11. Qe1 d6 12. Kh1 Bxe3 13. Qxe3 O-O 14. Rfd1 e5
1/2-1/2

[Event "Spice Cup 2009"]
[Site "Lubbock United States"]
[Date "2009.09.26"]
[Round "8"]
[White "Mamedov, Rauf"]
[Black "Andreikin, Dmitry"]
[Result "1/2-1/2"]
[WhiteElo "2626"]
[BlackElo "2659"]
[PlyCount "55"]
[EventDate "2009.09.19"]
[Source "MonRoi"]

1. e4 e5 2. Nf3 Nc6 3. Bb5 Nf6 4. O-O Nxe4 5. d4 Nd6 6. Bxc6 dxc6 7. dxe5 Nf5
8. Qxd8+ Kxd8 9. Nc3 Ke8 10. h3 Ne7 11. Be3 Ng6 12. a3 h6 13. Rfe1 Be7 14. Rad1
Nh4 15. Nxh4 Bxh4 16. Ne2 Be7 17. Nd4 a6 18. e6 Bxe6 19. Nxe6 fxe6 20. Bf4 Rd8
21. Bxc7 Rxd1 22. Rxd1 Bf6 23. b3 Ke7 24. a4 Rc8 25. Bd6+ Kf7 26. Bc5 Rd8 27.
Rxd8 Bxd8 28. Kf1 1/2-1/2

[Event "Spice Cup 2009"]
[Site "Lubbock United States"]
[Date "2009.09.26"]
[Round "8"]
[White "Hammer, Jon Ludvig"]
[Black "Kuzubov, Yuriy"]
[Result "1/2-1/2"]
[WhiteElo "2585"]
[BlackElo "2636"]
[PlyCount "33"]
[EventDate "2009.09.19"]
[Source "MonRoi"]

1. d4 d5 2. c4 c6 3. Nf3 Nf6 4. Nc3 a6 5. cxd5 cxd5 6. Bf4 Nc6 7. Rc1 e6 8. e3
Be7 9. Be2 O-O 10. O-O Bd7 11. h3 Rc8 12. a3 Na5 13. Ne5 b5 14. Bd3 Be8 15. Bb1
Kh8 16. Na2 Nc4 17. Qe2 1/2-1/2

[Event "Spice Cup 2009"]
[Site "Lubbock United States"]
[Date "2009.09.29"]
[Round "10"]
[White "Hammer, Jon Ludvig"]
[Black "Mamedov, Rauf"]
[Result "0-1"]
[WhiteElo "2585"]
[BlackElo "2626"]
[PlyCount "82"]
[EventDate "2009.09.19"]
[Source "MonRoi"]

1. d4 g6 2. c4 Bg7 3. e4 d6 4. Nc3 e5 5. Be3 exd4 6. Bxd4 Nf6 7. f3 O-O 8. Nge2
a6 9. Qd2 Nc6 10. Be3 Ne5 11. Nf4 c6 12. b3 b5 13. cxb5 axb5 14. Rc1 Re8 15.
Be2 d5 16. O-O dxe4 17. fxe4 Qe7 18. Nd3 Nxd3 19. Bxd3 Ng4 20. Kh1 Rd8 21. Bf4
b4 22. Na4 Ba6 23. Nc5 Bxd3 24. Nxd3 Qxe4 25. Nc5 Rxd2 26. Nxe4 Re2 27. Rc4 f5
28. Ng3 Rexa2 29. h3 Nf2+ 30. Kh2 Nd3 31. Bd6 Rb2 32. Rd1 Ne5 33. Rc5 Nf3+ 34.
Kh1 Rd2 35. Rcc1 Rxd1+ 36. Rxd1 Nd4 37. Bxb4 Nxb3 38. Rd3 c5 39. Rxb3 Rb8 40.
Ne2 Rxb4 41. Rd3 Rb1+ 0-1